Quizzes
Events
Quiz Creation
Community
Videos
Private Events
Remove Ads
Sign In
Join for FREE
Feedback
Dark Mode
Quiz Categories
Sports
Geography
Music
Movies
Television
Just For Fun
Miscellaneous
History
Literature
Language
Science
Gaming
Entertainment
Religion
Holiday
For Kids
Quiz Lab
Recent
Popular Today
Quiz Kudos Today
Editor Picks
Curator Picks
Quizzes by...
Day
Popularity
Type
Ratings
Length
Year
Community
Subscriptions
Recent Discussions
Orange Saloon
Badges
Playlists
Quests
Create
Leaderboards
Showdown
Live 5
Trivia Bingo
Activity
Puzzle Library
Sporcle Events
Private Events
Virtual Trivia
Globe League
Become a Host
Pub Owners
SporcleCon
Opinionation
Our Games
Videos
Blog
Mobile Apps
Partnerships
Remove Ads and Go Orange
Feedback
Music
Pop Music
The Beatles
Song
Album
Lyrics
Bands
Singers
Artist
Clip
Rock
Rap
Classical
Billboard
Country Music
Kpop
Taylor Swift
Music
Pop Music
The Beatles
Song
Album
Lyrics
Bands
Singers
Artist
Clip
Rock
Rap
Classical
Billboard
Country Music
Kpop
Taylor Swift
Random Quiz
Search Sporcle
×
Quiz Lab
Quiz Lab
Music
Song
Type in answers that appear in a list
Type in answers that appear in a list
Classic
Best Score? Go Orange.
Justin Bieber - Baby Stats
Can you name the Lyrics To Justin Bieber's Song 'Baby'?
By
FatManBoy
10m
32 Questions
4,334 Plays
4,334 Plays
4,334 Plays
Comments
Comments
Give Quiz Kudos
Give Quiz Kudos
-
- Ratings
hide this ad
Forced Order
Answers have to be entered in order
Answers have to be entered in order
Replay
Link that replays current quiz
Next Quiz
Link to next quiz in quiz playlist
You Got
0%
They Got
Avg Score
51%
Avg Friend Score
Upgrade to see
Score Distribution
Jump to the score distribution portion of the page
Score
0/32
Timer
10:00
0
Plays Today
Lyrics
Lyrics
% Correct
Just shout whenever
And I'll be there
95.6%
And we will never, ever, ever
Be apart
94.9%
You want my love
You want my heart
92.3%
You know you love me
I know you care
90.7%
Were just friends
What are you saying
90.2%
Are we an item?
Girl, quit playing
81.7%
My first love
Broke my heart for the first time
80%
And I was like
Baby, Baby, Baby, Oh
76.9%
I thought you'd always
Be mine, mine
62.3%
And just shake me till you wake me
From this bad dream
58.2%
When I was 13
I had my first love
57.1%
I'll buy you anything
I'll buy you any ring
56.7%
And I'm like
Baby, Baby, Baby, Oh
52.7%
Said there's another
Look right in my eyes
52.2%
And im in pieces
Baby fix me
52%
And I just can't believe
We ain't together
51.8%
Lyrics
Lyrics
% Correct
I thought you'd always
Be mine, mine
47.8%
For you
I would have done whatever
46.8%
She woke me up daily
Don't need no Starbucks
46.5%
Im going down, down, down, dooown
And I just cant believe my first love won't be around
42.6%
Like baby, baby, baby noo
Like baby, baby, baby no
39.5%
She had me goin' crazy
Oh I was starstruck
37.6%
Like baby, baby, baby noo
Like baby, baby, baby oh
36.4%
There was nobody
That compared to my baby
31.6%
And now my heart is breakin'
But I just keep on sayin'...
26.1%
She know she got me gazin'
Cause she was so amazin'
25.5%
Baby, baby, baby oh
Like baby, baby, baby no
25.4%
At school on the playground
But I really wanna see her on the weekend
23.3%
And nobody came between us
Or could ever come above
20.6%
And I wanna play it cool
But I'm losin' you
19.4%
Like baby, baby, baby ohh
I thought you'd always be mine
15.6%
She made my heart pound
And skip a beat when I see her in the street
15.2%
Quiz Playlist
Details
Report
Send in Message
Add To Playlist
Classic:
Type in answers that appear in a list
Forced Order:
Answers have to be entered in order
Quiz Source
Last Updated: Mar 7, 2018
Quiz Scoreboard
CHALLENGE
Sign Up to Join the Scoreboard
Show All
Scores
Hide
Comments
May contain spoilers
Recently Published
Street Fighter Characters
by Artimus82
Gaming
60s
9x9 Crossword: Cartoon Network
by jackfrog10
Miscellaneous
3m
College Basketball Coaching Resumes
by pancakes188
Sports
9m
More to Explore
Quiz From the Vault
Featured Blog Post
Where Did the Easter Bunny Come From?
hide this ad
You Might Also Like...
Tags
Lyrics Quiz
Song Quiz
Baby
Bieber
justin
Today's Top Quizzes in Music
Browse Music
hide this ad
Today's Top Quizzes in Song
Browse Song
Top Contributed Quizzes in Music
1
Taylor Swift All Songs (2024)
2
Guess the Artist- 70s Songs
3
7-to-1: Billboard Hot 100 #1 Hits of 2010s
4
Taylor Swift Logic Puzzle
5
Sorting Albums and Songs
6
KPOP LOGIC QUIZ
7
Guess the Taylor Swift song (Mystery Song)
8
Guess The Taylor Swift Lyrics Song #1
9
Billboard Blitz: ABBA
10
Billboard Blitz: The Beatles
Explore More
Trending Topics
Crossword
Harry Potter
Marvel
NBA
Disney
Kpop
Anime
Puzzle
WWE
Country
Soccer
The Office
Pokémon
Song
NFL
hide this ad
More By:
FatManBoy
Quiz
Plays
Rating
Category
Featured
Created
Robert Pattinson Movies
4,724
4.74
Movies
Apr 3, 2010
Justin Bieber - Baby
4,334
2.27
Music
Apr 2, 2010
Toys Off Toy Story 1 & 2
1,607
3.00
Movies
Oct 31, 2009
Justin Bieber - My World
1,243
2.33
Music
Dec 12, 2009
Go to Creator's Profile
Score Distribution
Quiz Creator Spotlight
FatManBoy
Follow
Send a Message
Quizzes Created
-
Created Quiz Play Count
-
More By This Creator
Popular Quizzes Today
1
Find the US States - No Outlines Minefield
2
Find the Countries of Europe - No Outlines Minefield
3
The Countries of the World
4
Find the US States
5
Risky Map Clicking: Biggest States A-Z
6
US States
7
Popular People in 1961
8
Movies - When Are They Set?
More Music Quizzes
Musicians by Fan Products
Published
Trending Quizzes
Risky Map Clicking: Least Populous States A-Z
1-10 Letter G Words
Risky Map Clicking: Next State Alphabetically
Adjectives in 80s TV Shows
The Seven Year Switch: Catherine
Recently Updated
Leaping Animals
pecheneg
Reality TV Shows (A-Z)
bhenderson79
Rickey Henderson's Hall of Fame Teammates
pecheneg
Champions League XIs: Arsenal
pecheneg
Quick Pick: Celebrities in WWE's Hall of Fame
aduchscher
A-Z Keypad Blitz II
pecheneg
Multiple Oscar Actors
pecheneg
Mystery Phrase Blitz: Oscar 'Best Actors'
pecheneg
F. Scott Fitzgerald Novels
LTH
Pick 3 Villains
ddd62291
Trending Topics
Harry Potter
Crossword
Anime
Disney
Kpop
NBA
Marvel
Puzzle
Pokémon
Soccer
The Office
Song
Country
WWE
NFL
Your Account Isn't Verified!
In order to create a playlist on Sporcle, you need to verify the email address you used during registration. Go to your
Sporcle Settings
to finish the process.
Report this User
Report this user for behavior that violates our
Community Guidelines
.
Details:
Send Report
Go to the Sporcle.com Mobile Site →
Comments